000 00633nam a2200217Ii 4500
003 JO-AjNU
008 230606s9999||||xx |||||||||||||| ||und||
020 _a0-521-56150-7
040 _aJO-AjNU
_beng
_erda
_cJO-AjNU
041 _aeng
050 1 4 _aHD30.2.A38.1997
100 3 _aAlbert,Steven/keith Bradley,
_eauthor
_9635
245 0 0 _aManaging knowledge:Experts,agencies and organizations
250 _a1 ed
264 3 1 _aNew York:Cambridge University press.2003
300 _a215p
336 _atext
_btxt
_2rdacontent
337 _aunmediated
_bn
_2rdamedia
338 _avolume
_bnc
_2rdacarrier
650 4 _amanagement
_9636
999 _aE335
_c335
_d335